000 00756nam a2200241Ia 4500
003 OSt
005 20220923220528.0
006 a|||||r|||| 00| 0
007 ta
008 220922b |||||||| |||| 00| 0 hin d
024 _a187,408
037 _cTextual
040 _aARTS
_cARTS
_bhin
041 _2hin
_ahin
082 _aWx1,1:g, 152J4
100 _aदेवदत्त
_9156280
245 0 _aकौटलीय अर्थशास्त्र की भूमिका
246 _aKauṭalīya arthashāstra kī bhūmikā
260 _aइलाहाबाद
_b किताब महल
_c1954
300 _a104 पृ.
_ccm.
942 _hWx1,1:g, 152J4
_cTEXL
_2CC
999 _c340485
_d340485